000 00718nas a2200229 4500
001 BR2017000441
003 BR-BrBNA
005 20231205130839.0
007 ta
008 230509b bl.|||p| |||| 00| 00por d
040 _aBR-BrBNA
_bpor
_cBiblioteca Nacional de Agricultura
041 _a(En)
072 _aH10
100 1 _aZefa, E.
245 1 _aComparison of calling songs in three allopatric populations of Endecous itatibensis (Orthoptera, Phalangopsinae)
650 _aGRILO
650 _aINSETO
650 _aBIOLOGIA
773 0 _tIheringia. Série Zoologia (Brazil)
_xISSN 0073-4721
_g(Mar 2006), v. 96(1) p. 13-16
_wBR2017000441
909 _a202311
_bLúcia
_c55
_dLúcia Elande
942 _2AGRIS
_n0
_cANA
999 _c251623
_d251623